Statistiques concernant CSGO Top 20 HLTV 2016

Cliquez ici pour prendre le quiz!

Statistiques générales

  • Ce quiz a été pris 9 fois
  • Le résultat moyen est 15 sur 20

Statistiques - réponses

Top #CountryPlayer% Correct
1Brazilcoldzera
100%
3Denmarkdev1ce
100%
2BrazilFalleN
100%
15Brazilfer
100%
13FrancekennyS
100%
11Bosnia and HerzegovinaNiKo
100%
4Ukraines1mple
100%
6Franceshox
100%
5PolandSnax
100%
10Swedenflusha
80%
17SlovakiaGuardiaN
80%
8Swedenolofmeister
80%
7Swedenf0rest
60%
12Russiaflamie
60%
19Brazilfnx
60%
18SwedenGeT_RiGhT
60%
16DenmarkKjaerbye
60%
14DenmarkMagisk
60%
9BelgiumScreaM
40%
20Swedendennis
0%

Distribution des résultats

Percentile par nombre de réponses

% des personnes avec chaque résultat

Votre développement - résultats

Vous n’avez pas pris ce quiz